Konsep dan metode 'mengenal diri' di Pelatihan Pesantren Qalbu, Ikatan Pelajar Melayu Deli (IPMD), Medan /
Saved in:
| Main Author: | |
|---|---|
| Format: | Thesis Book |
| Language: | Malay |
| Subjects: | |
| Tags: |
Add Tag
No Tags, Be the first to tag this record!
|
| LEADER | 01607cam a2200385 a 4500 | ||
|---|---|---|---|
| 001 | u782814 | ||
| 003 | SIRSI | ||
| 005 | 200911251521 | ||
| 008 | 091125s2009 my t 000 0 may m | ||
| 040 | |a UMA |d UMM |e rda | ||
| 043 | |a a-io--- | ||
| 090 | |a BP42 |b A2 UMP 2009 Muzs | ||
| 094 | |a BP42 |b A2 UMP 2009 Muzs | ||
| 100 | 0 | |a Muzakkir Syahrul |e author. | |
| 245 | 1 | 0 | |a Konsep dan metode 'mengenal diri' di Pelatihan Pesantren Qalbu, Ikatan Pelajar Melayu Deli (IPMD), Medan / |c Muzakkir bin Syahrul. |
| 264 | 1 | |c 2009. | |
| 264 | 4 | |c 2009. | |
| 300 | |a xv, 273 leaves : |b illustrations ; |c 30 cm. | ||
| 336 | |a text |2 rdacontent | ||
| 337 | |a unmediated |2 rdamedia | ||
| 338 | |a volume |2 rdacarrier | ||
| 500 | |a AIUM. | ||
| 500 | |a Diselia oleh Prof. Madya Dr Che Zarrina Sa'ari. | ||
| 502 | |a Thesis (Ph.D.) -- Jabatan Akidah dan Pemikiran Islam, Akademi Pengajian Islam, Universiti Malaya, 2009. | ||
| 504 | |a Bibliography: leaves 263-270. | ||
| 610 | 2 | 0 | |a Pesantren Qalbu. |
| 610 | 2 | 0 | |a Yayasan Ikatan Pelajar dan Mahasiswa Deli (Medan, Indonesia) |
| 650 | 0 | |a Islam |x Religious life. | |
| 650 | 0 | |a Islam |x Social aspects |z Indonesia. | |
| 710 | 2 | |a Universiti Malaya. |b Jabatan Akidah dan Pemikiran Islam. | |
| 900 | |a JAR | ||
| 596 | |a 1 12 18 | ||
| 999 | |a BP42 A2 UMP 2009 MUZS |w LC |c 1 |i A513560458 |d 9/12/2009 |f 9/12/2009 |g 1 |l RESERVES |m P12ISLAMKL |r Y |s Y |t TESIS |u 9/12/2009 | ||
| 999 | |a BP42 A2 UMP 2009 MUZS |w LC |c 1 |i A512991114 |l RESERVES |m P18ISLPURI |r Y |s Y |t TESIS |u 1/2/2010 | ||
| 999 | |a BP42 A2 UMP 2009 MUZS |w LC |c 1 |i A513584817 |d 18/9/2014 |e 18/9/2014 |f 4/1/2011 |g 1 |l STACKS |m P01UTAMA |n 5 |r Y |s Y |t TESIS |u 3/1/2011 | ||
